[Event "Niedersachsen-ch U12"]
[Site "Rotenburg"]
[Date "2009.04.07"]
[Round "6"]
[White "Helmold, Finn"]
[Black "Luehmann, Jan"]
[Result "0-1"]
[WhiteElo "735"]
[BlackElo "726"]
[PlyCount "64"]
[EventDate "2009.04.04"]
[EventType "swiss"]
[EventRounds "11"]
[EventCountry "GER"]
[SourceTitle "EXT 2010"]
[Source "ChessBase"]
[SourceDate "2010.11.25"]
[SourceVersion "1"]
[SourceVersionDate "2010.11.25"]
[SourceQuality "1"]

1. e4 e5 2. Nf3 Nc6 3. Bc4 Bc5 4. b4 Bxb4 5. c3 Bc5 6. d4 exd4 7. 0-0 dxc3 8. Nxc3 d6 9. Bg5 f6 10. Bf4 Bg4 11. Qd5 Qd7 12. Rae1 Nce7 13. Qf7+ Kd8 14. Be6 Bxe6 15. Qxg7 Ng6 16. Qxf6+ N8e7 17. Nh4 Rf8 18. Qg7 Rxf4 19. Nf3 Rf7 20. Qh6 Bb4 21. Rc1 Bxc3 22. Rxc3 Bxa2 23. Rd3 Bc4 24. Rfd1 Bxd3 25. Rxd3 Qa4 26. h3 Qc2 27. Ne1 Qxf2+ 28. Kh2 Qxe1 29. e5 Qxe5+ 30. Kg1 Qe1+ 31. Kh2 Rf1 32. g3 Qe2# 0-1

[Event "Niedersachsen-ch U12"]
[Site "Rotenburg"]
[Date "2009.04.06"]
[Round "4"]
[White "Helmold, Finn"]
[Black "Lienau, Marei"]
[Result "0-1"]
[WhiteElo "735"]
[BlackElo "854"]
[PlyCount "66"]
[EventDate "2009.04.04"]
[EventType "swiss"]
[EventRounds "11"]
[EventCountry "GER"]
[SourceTitle "EXT 2010"]
[Source "ChessBase"]
[SourceDate "2010.11.25"]
[SourceVersion "1"]
[SourceVersionDate "2010.11.25"]
[SourceQuality "1"]

1. e4 c5 2. Nf3 Nc6 3. d4 cxd4 4. Nxd4 g6 5. Nc3 Bg7 6. Be3 d6 7. Bb5 Bd7 8. Nce2 Nf6 9. Bxc6 Bxc6 10. Nxc6 bxc6 11. 0-0 Nxe4 12. Rb1 0-0 13. Nd4 c5 14. Nc6 Qc7 15. Qd5 Nf6 16. Qf3 d5 17. Nd4 cxd4 18. Bxd4 Qc4 19. Rbd1 Qxa2 20. Rfe1 e6 21. Bxf6 Bxf6 22. Qxf6 Rab8 23. Rb1 Rfc8 24. h4 Rxc2 25. Rbd1 Rbxb2 26. h5 Rxf2 27. Qd8+ Kg7 28. h6+ Kxh6 29. Qf8+ Kg5 30. Rd4 Rxg2+ 31. Kh1 Rh2+ 32. Kg1 Rbg2+ 33. Kf1 Qf2# 0-1